| 000 | 01018nam a2200253 a 4500 | ||
|---|---|---|---|
| 001 | 82509 | ||
| 003 | BD-RjUL | ||
| 005 | 20231220153955.0 | ||
| 008 | 231220s2018 bg a|||| m||| 00| 0 eng d | ||
| 035 | _a(BD-RjUL)82509 | ||
| 040 |
_aBD-RjUL _beng _cBD-RjUL _dBD-RjUL |
||
| 041 | _aeng | ||
| 082 |
_223 _a641.308 _bMIE 2018 |
||
| 100 |
_aMitu, Nahida Rahman _910629 |
||
| 245 |
_aEffect of Artificial Food Color on Embryonic Devlopment of Fish Model / _cNahida Rahman Mitu _6Supervisors : Md. Abu Reza & Zennat Ferdousi |
||
| 260 |
_aRajshahi : _bDepartment of Genetic Engineering and Biotechnilogy,University of Rajshahi _c2018 |
||
| 300 |
_a[3], xx, 191 leaves : _bill.; _c29 cm. |
||
| 502 | _aThesis(M.Phil.)-- Department of Genetic Engineering and Biotechnilogy,University of Rajshahi,2018 | ||
| 504 | _aReferences : Leaves 169-191 | ||
| 650 |
_aArtificial foods _xFish Model _vColor _910630 |
||
| 700 |
_aReza, Md. Abu, Supervisors _910631 |
||
| 700 |
_aFerdousi, Zennat, Supervisors _910632 |
||
| 942 |
_2ddc _cTHE |
||
| 999 |
_c82509 _d82509 |
||